Comparison of the emissions trading scheme and environmental taxes in European Union

Na minha lista:
Detalhes bibliográficos
Autor principal: Válek, Juraj, 1981-
Formato: Capítulo de Livro
Idioma:inglês
Assuntos:
Tags: Adicionar Tag
Sem tags, seja o primeiro a adicionar uma tag!

MARC

LEADER 00000naa$a2200000$$$4500
001 0226127
005 20240502083604.7
041 0 |a eng 
044 |a BG 
245 1 0 |a Comparison of the emissions trading scheme and environmental taxes in European Union  |c Juraj Válek 
610 2 0 |a dane ekologické 
610 2 0 |a reformy daňové 
610 2 0 |a emisie 
610 2 0 |a obchod 
610 2 0 |a legislatíva 
610 2 0 |a Európska únia 
100 1 |a Válek, Juraj, 1981-